Giacomo Facco maestro de reyes (Record no. 9629)

MARC details
000 -CABECERA
campo de control de longitud fija 00668nam a2200217 a 4500
001 - NÚMERO DE CONTROL
campo de control BRL_817
005 - FECHA Y HORA DE LA ÚLTIMA TRANSACCIÓN
campo de control 20190320210917.0
008 - DATOS DE LONGITUD FIJA--INFORMACIÓN GENERAL
campo de control de longitud fija 091013s1965----mx-ago####---#000-0#spa-#
041 ## - CÓDIGO DE LENGUA
Código de lengua del texto/banda sonora o título independiente spa
044 ## - CÓDIGO DEL PAÍS DE LA ENTIDAD EDITORA/PRODUCTORA
Código MARC del país mx
050 #4 - SIGNATURA TOPOGRÁFICA DE LA BIBLIOTECA DEL CONGRESO
Número de clasificación ML410.G5
Número de documento/Ítem .Z36 1965
100 1# - ENTRADA PRINCIPAL--NOMBRE DE PERSONA
Nombre de persona Zanolli, Uberto
9 (RLIN) 25030
245 10 - MENCIÓN DE TÍTULO
Título Giacomo Facco maestro de reyes
Resto del título Introducción a la vida y la obra del gran músico véneto de 1700
Mención de responsabilidad, etc. Uberto Zanolli.
260 ## - PUBLICACIÓN, DISTRIBUCIÓN, ETC.
Lugar de publicación, distribución, etc. México
Nombre del editor, distribuidor, etc. Don Bosco
Fecha de publicación, distribución, etc. 1965
300 ## - DESCRIPCIÓN FÍSICA
Extensión 270 p.
Otras características físicas il., música
Dimensiones 23 cm.
500 ## - NOTA GENERAL
Nota general Au925
600 14 - PUNTO DE ACCESO ADICIONAL DE MATERIA--NOMBRE DE PERSONA
Nombre de persona Facco, Giacomo
Fechas asociadas al nombre aproximadamente 1676-1753
9 (RLIN) 25031
650 14 - PUNTO DE ACCESO ADICIONAL DE MATERIA--TÉRMINO DE MATERIA
Término de materia o nombre geográfico como elemento de entrada Musicos
Subdivisión de forma Biografía
Subdivisión geográfica Italia
9 (RLIN) 25032
902 ## - CATALOGADOR
Iniciales GRL
942 ## - ELEMENTOS DE PUNTO DE ACCESO ADICIONAL (KOHA)
Fuente del sistema de clasificación o colocación Library of Congress Classification
Tipo de ítem Koha Libros
Holdings
Estado de retiro Estado de pérdida Estado dañado No para préstamo Localización permanente Ubicación/localización actual Fecha de adquisición Número de inventario Total de préstamos Signatura topográfica completa Código de barras Fecha visto por última vez Precio válido a partir de Tipo de ítem Koha
El ejemplar forma parte de la colección y puede ser consultado según las políticas vigentes.       Biblioteca Centro de Estudios Ruth D. Lechuga Biblioteca Centro de Estudios Ruth D. Lechuga 09/10/2013 Au925   ML410.G5 .Z36 1965 (Au925) GRL00886 22/03/2019 22/03/2019 Libros